No. 13. Allgemeines Repertorium der neuesten in - und ausländischen Literatur für 1824. Herausgegeben von einer Gesellschaft Gelehrten und besorgt von Christian Daniel Beck Dritter Band. Erstes Stück

Bibliographic Details
Main Author: Beck, Christian Daniel, 1757 - 1832 (Author)
Corporate Author: Cnobloch, Karl (Lipsko, Nemecko) (Printer)
Other Authors: Cnobloch, Karl, 1778-1834 (Printer)
Format: Book
Language:German
PhysicalDescription:80 strán 22 cm‬
Subjects:

MARC

LEADER 00000nam a2200000 4500
001 vtls012245526
003 SK-MaSNL
005 20260301214029.0
008 231206t1824 gw r 00| 0 ger
015 |a SNBHFA1824 
040 |a SNKHF  |b slo  |c SNK  |e rda 
041 |a ger 
044 |a gw  |c DE  |a au  |c AT 
072 7 |a 82.0  |x Literatúra (teória)  |2 konspekt 
080 |a 82(091)  |2 2011 
100 1 |a Beck, Christian Daniel,  |d 1757 - 1832  |4 aut  |9 330692 
245 1 0 |a No. 13. Allgemeines Repertorium der neuesten in - und ausländischen Literatur für 1824.  |b Herausgegeben von einer Gesellschaft Gelehrten und besorgt von Christian Daniel Beck  |n Dritter Band. Erstes Stück 
264 3 |a Leipzig  |b bei Carl Cnobloch  |c 1824 
300 |a 80 strán  |c 22 cm‬ 
336 |a text  |b txt  |2 rdacontent 
337 |a bez média  |b n  |2 rdamedia 
338 |a zväzok  |b nc  |2 rdacarier 
500 |a Kustódy, ozdobné linky 
563 |a Väzba pôvodná, papierová.  |5 SNK IC 145757/28 
650 0 7 |a literárna história  |2 SNKPH  |9 1136 
700 1 |a Cnobloch, Karl,  |d 1778-1834  |4 prt  |9 265471 
710 0 |a Cnobloch, Karl (Lipsko, Nemecko)  |4 prt  |9 330754 
752 |a Nemecko  |d Lipsko 
852 |a snk  |b Aponiovská knižnica  |p IC 145757/28 
958 |a DF 
958 |a ONDV 
999 |c 923521  |d 925451 
952 |t Op. III/44  |a SNK  |b SNK  |c SNK_HF  |y PREZ  |7 0  |p 17A1486809  |o snkIC 145757/28  |i snk2023/17818  |8 5  |0 0  |1 0  |4 0  |d 2023-12-06  |l 0  |r 2026-02-24 08:23:09  |w 2026-02-24